Relying on Intuition Increases Receptivity to Bullshit

Experimentálne skúmame vplyv intuitívneho myslenia (prostredníctvom pokynu spoliehať sa na prvú myšlienku, ktorá vám príde na myseľ, a zavedením časového obmedzenia odozvy) a reflexívneho myslenia (prostredníctvom pokynu spoliehať sa na rozum a neumožnenia rýchleho odoslania odpovede) na vnímanú hĺb...

Ausführliche Beschreibung

Gespeichert in:
Bibliographische Detailangaben
1. Verfasser: Hromadová, Mária
Weitere Verfasser: Čavojová, Vladimíra, Lorko, Matej, 1987-
Format: Buchkapitel
Sprache:Englisch
Schlagworte:
Tags: Tag hinzufügen
Keine Tags, Fügen Sie das erste Tag hinzu!

MARC

LEADER 00000naa$a2200000$$$4500
001 0311957
005 20260126152715.5
041 0 |a eng 
044 |a GB 
245 1 0 |a Relying on Intuition Increases Receptivity to Bullshit  |c Mária Hromadová, Vladimíra Čavojová, Matej Lorko 
520 |a Experimentálne skúmame vplyv intuitívneho myslenia (prostredníctvom pokynu spoliehať sa na prvú myšlienku, ktorá vám príde na myseľ, a zavedením časového obmedzenia odozvy) a reflexívneho myslenia (prostredníctvom pokynu spoliehať sa na rozum a neumožnenia rýchleho odoslania odpovede) na vnímanú hĺbku nezmyselných výrokov. Okrem toho aplikujeme rovnaké manipulácie pri vyvolávaní hĺbky všedných výrokov a motivačných citátov. Zistili sme, že spoliehanie sa na intuíciu vedie k výrazne vyššej receptívnosti vo všetkých troch kategóriách výrokov. 
610 2 0 |a myslenie kritické 
610 2 0 |a psychológia 
610 2 0 |a výskum 
610 2 0 |a motivácia 
610 2 0 |a analýza empirická 
100 1 |a Hromadová, Mária 
700 1 |a Čavojová, Vladimíra 
700 1 |a Lorko, Matej, 1987-